000 00301 a2200145 4500
250 _a6ème éd.
245 _aManuel de diététique
100 _aLederer, J.
260 _c1990
300 _a109 p.
035 _a7453
999 _c17538
_d17538